000 00227 a2200097 4500
001 28059
100 _aUNESCO
245 _aHigher education & develop in south east asia
260 _a
_bNNESCO Pub
_c1967
090 _c18759
_d18759
942 _aNUST-CAE
_cM
_c9734
999 _c263132
_d263132